000
00262nam a22001217a 4500
082
_a
669.142 ROR'S
100
_a
ROLF, R. T
_9
58300
245
_a
STEELS FOR THE USER
250
_a
3RD
260
_a
LONDON
_b
CHAPMAN & HALL
_c
1955
300
_a
399P
942
_c
BK
999
_c
568498
_d
568498